000 00854nam a2200205Ia 4500
001 11312
003 GE_BSU
008 181216s||||||||xx |||||||||||||| ||und||
040 _cGE_BSU
080 _a547.3
100 _aგორდეზიანი მ. გორდეზიანი კ. უგრეხელიძე დ.
245 _aბიოფიზიკური ქიმია და სოფლის მეურნეობა
245 _cრედ: თ ჯინჯიხაშვილი, მხატვ: დ. გრიგოლია
260 _aთბილისი
260 _bსაბჭოთა საქართველო
260 _c1971
300 _a207გვ.22სმ.
653 _aბიოფიზიკური ქიმია და სოფლის მეურნეობა
942 _cBK
999 _c44514
_d44514